00897nam a22002297a 450000500170000001000150001702000260003203500130005803700130007108200140008410000230009824501100012124600580023126000450028927000630033430000340039750000680043161000770049965000350057665000380061170000180064920140214145904.0 aENG-108532 a9780198085003c825.00 aEN-92065 bDBAD/PUB a331.10954 aShankar, Shylashri aBattling corruption :bhas NREGA reached india's rural poor ? /cby Shylashri Shankar [and] Raghav Gaiha bCorruption : has NREGA reached India’s rural poor? aNew DelhibOxford University Pressc2013 aYMCA Library Building, 1 Jai Singh RoadbNew Delhie110001 axiv, 272p. :bill.c22cm (Hb) a Includes bibliographical references (pages 247-259) and index. a National Rural Employment Guarantee Scheme (India) xCorrupt practices. aManpower policy, RuralzIndia. aGuaranteed annual incomez India. aGaiha, Raghav